[Event "RSA-chT U20"]
[Site "Boksburg"]
[Date "2020.01.07"]
[Round "6.6"]
[White "Huisamen, Willem"]
[Black "Arendse, Amy Leigh"]
[Result "1-0"]
[WhiteElo "1212"]
[BlackElo "772"]
[PlyCount "47"]
[EventDate "2020.01.04"]
[EventType "team-tourn"]
[EventRounds "7"]
[EventCountry "RSA"]
[SourceTitle "CBM 194 Extra"]
[Source "ChessBase"]
[SourceDate "2020.03.31"]
[SourceVersion "1"]
[SourceVersionDate "2020.03.31"]
[SourceQuality "1"]
[WhiteTeam "Sedibeng U20"]
[BlackTeam "Eden District U20"]
[WhiteTeamCountry "RSA"]
[BlackTeamCountry "RSA"]

1. e4 e5 2. Nf3 Nc6 3. Bc4 Qe7 4. Nc3 d6 5. d3 f6 6. Nd5 Qd7 7. Nh4 g6 8. 0-0 a6 9. f4 Na5 10. fxe5 dxe5 11. Rxf6 Bc5+ 12. Kh1 Nxc4 13. Qf3 Be7 14. Bg5 Bxf6 15. Bxf6 Nxb2 16. Rf1 Qf7 17. Bxh8 Qxf3 18. Rxf3 Kd7 19. Bxe5 Na4 20. Nxc7 Ra7 21. Rf7+ Ne7 22. Nd5 Ke8 23. Rxe7+ Kd8 24. Bc7# 1-0